00979nam a2200229Ia 450000100060000000800410000608200130004711000240006024501030008425000140018726000430020130000190024465300200026365300160028365300180029965300180031794200120033595201140034795201420046195201290060399900170073235575171031s1960 ii g b000 u 465 u a353.9541 aAssam Govt. Press . 0aCollection of Assam Acts and Ordinances for the Year 1957 /cAssam Govt. Press.hTextual Documents a1st ed. / aShillong :bAssam Govt. Press ,c1960. a171p. ;c22cm. aAssam Acts-1957 aG-Economics aRef Se-Report aT/G-Economics 2ddccBK 00104070aSKBLbSKBLd2012-02-01f00000l0o353.9541 As 72 Cp50303r2024-01-14 00:00:00t2w2012-02-01yBK 001040708General aSKBLbSKBLcT/G-Economicsd2012-02-01f00000l0o353.9541 As 72 Cp1830/Newr2024-01-14 00:00:00t1w2012-02-01yBK 00104070aSKBLbSKBLcT/G-Economicsd2012-02-01f00000l0o353.9541 As 72 Cp50300r2024-01-14 00:00:00t3w2012-02-01yBK c35557d35557